| 000 | 00768nam a22002297a 4500 | ||
|---|---|---|---|
| 003 | OSt | ||
| 005 | 20251007025103.0 | ||
| 008 | 251007b |||||||| |||| 00| 0 eng d | ||
| 020 | _a9871138614901 | ||
| 040 |
_aDWCL-Main lib _cOC |
||
| 082 | _aCirc. 378.1 B983d 2020 | ||
| 100 | _aButcher, Christopher | ||
| 245 |
_aDesigning Learning: _b From Module Outline to Effective Teaching./ _cChristopher Butcher |
||
| 260 |
_aN.Y. : _b Routlegde, _cc2020. |
||
| 300 |
_a 282 pages : _b illustration ; _c 22cm |
||
| 504 | _aIncludes Bibliographical References and Index | ||
| 650 | _a1. LCHS: Education, Higher | ||
| 650 | _a2. Curriculum - Great Britain | ||
| 650 | _a3. Curriculum Planning | ||
| 650 | _a4. Curriculum Evaluation | ||
| 942 |
_2ddc _cBK-CIRC _kCirc. _n0 |
||
| 999 |
_c4672 _d4672 |
||